000 00711nam a2200205Ia 4500
005 20240530110229.0
008 140319s1973 xx 000 0 ara d
040 _aGCL /
_cGCL
082 0 4 _a920.71 /
_bك ف
100 1 _aمحمد بن شاكر الكتبي
245 1 0 _aفوات الوفيات :
_bوالذيل عليها /
_cتاليف محمد بن شاكر الكتبي ؛ محقق احسان عباس
260 _aبيروت :
_bدار صادر ،
_c1974
300 _aمتعدد ؛
_c24 سم
650 0 4 _aتاريخ
650 0 4 _aالتراجم
650 0 4 _aالاعيان
700 1 _aاحسان عباس
_eمحقق
942 _2ddc
_cBK
999 _c59425
_d59425